| 000 | 00727nam a22002177a 4500 | ||
|---|---|---|---|
| 999 |
_c3523 _d3523 |
||
| 003 | AR-CdUCM | ||
| 008 | 190306b ||||| |||| 00| 0 spa d | ||
| 040 |
_aMUNICIPALIDAD PROVINCIAL DEL CUSCO _cBIBLIOTECA MUNICIPAL DEL CUSCO |
||
| 041 | _heng | ||
| 082 |
_a383 / _bB748 |
||
| 100 |
_aBotelho, Francis M. _911549 |
||
| 245 | _aBotelho´s spanih-english master letters / | ||
| 260 |
_aMexico : _bContinental, _c1957. |
||
| 300 |
_a292 paginas ; _c22 cm. |
||
| 505 | _aCarta de recomendación -- Aviso de visita -- Dirección del viajante -- Cambio de itinerario -- Demora en llegar... | ||
| 650 |
_aModelo de cartas _911550 |
||
| 650 |
_aIngles _97365 |
||
| 650 |
_aEspañol _97869 |
||
| 942 |
_2ddc _cLIBROS |
||
| 945 | _awnts | ||